| 000 | 00388nam a2200157 i 4500 | ||
|---|---|---|---|
| 001 | bg | ||
| 245 | 0 | _aElectronic and structural properties of amorphous semiconductors. | |
| 260 |
_aLondon, _c1973. |
||
| 700 | 1 |
_aComber, P. G. _eRed. |
|
| 700 | 1 |
_aMort, J. _eRed. |
|
| 040 | _cBPK | ||
| 041 | _apol | ||
| 080 | _a621.38:66 | ||
| 942 | _cKS | ||
| 008 | s pl f |000 0 pol | ||
| 999 |
_c26312 _d26312 |
||
| 856 |
_uhttp://koha.tu.koszalin.pl/cgi-bin/koha/opac-detail.pl?biblionumber=26312 _yKatalog online BPK |
||